Statistics for Lonely Planet's Top Ten Cities for 2019

Click here to take the quiz!

General Stats

  • This quiz has been taken 53 times
  • The average score is 5 of 10

Answer Stats

Rank Answer % Correct
3Serbia
73%
8Seattle
63%
9Croatia
61%
6Mexico City
53%
10Morocco
53%
4Miami
47%
1Copenhagen
43%
2Shenzhen
29%
5Kathmandu
20%
7Dakar
14%

Score Distribution

Percentile by Number Answered

Percent of People with Each Score

Your Score History

You have not taken this quiz